000 00356cam a22001337a 4500
008 180718b1962 xxu||||| |||| 00| 0 eng d
082 _aT123 F914
100 _aFriedman, Milton
245 _aPrice theory: a provisional text
_cby Milton Friedman
260 _aLudhiana
_bLyall Book
_c1962
300 _a285p.
650 _aPrices
650 _aMicroeconomics
999 _c492611
_d492611